Flagi socjalistycznych republik radzieckich - Statystyki

Ogólne statystyki
  • Ten quiz został rozwiązany 83 razy
  • Średni wynik to 9 z 16
Statystyki odpowiedzi
Obrazkowy Odpowiedź % Poprawnych
Białoruska SRR
92%
Estońska SRR
68%
Gruzińska SRR
68%
Łotewska SRR
68%
Rosyjska SRR
68%
Litewska SRR
60%
Mołdawska SRR
60%
Ukraińska SRR
60%
Tadżycka SRR
57%
Kazachska SRR
55%
Armeńska SRR
53%
Azerbejdżańska SRR
47%
Kirgiska SRR
47%
Uzbecka SRR
47%
Turkmeńska SRR
43%
Karelo-Fińska SRR
23%
Nie znaleziono quizów pasujących do podanych kryteriów
Rozkład punktacji
Procent ludzi z każdym wynikiem
Percentyl według liczby udzielonych odpowiedzi
Twoja historia wyników
Nie rozwiązałeś tego quizu